The life of Robert Bruce : King of Scotland. A heroic poem, in three books. By John Harvey, M.A.

Bibliographic Details
Main Author: Harvey, John, active 1702-1729
Format: eBook
Language:English
Series:Eighteenth century collections online.
Online Access:Full text online

MARC

Tag First Indicator Second Indicator Subfields
LEADER 00000cam a2200000 4500
001 in00001908266
006 m | d |
007 cr |n||||||||n
008 810811s1799 stk|||| s 00||||eng d
005 20260406205633.3
035 |a (CStRLIN)ESTCT127682 
040 |a Uk-ES  |c Uk-ES  |d Cu-RivES  |d CStRLIN  |d Thomson Gale  |d UtOrBLW 
100 1 |a Harvey, John,  |d active 1702-1729. 
245 1 4 |a The life of Robert Bruce :  |b King of Scotland. A heroic poem, in three books. By John Harvey, M.A. 
264 3 |a Air :  |b printed by J. & P. Wilson,  |c 1799. 
300 |a 107, 1 unnumbered page ;  |c 12⁰. 
336 |a text  |b txt  |2 rdacontent 
337 |a computer  |b c  |2 rdamedia 
338 |a online resource  |b cr  |2 rdacarrier 
500 |a Reproduction of original from the British Library. 
510 4 |a English Short Title Catalog,  |c ESTCT127682. 
533 |a Electronic reproduction.  |b Farmington Hills, Mich. :  |c Thomson Gale,  |d 2003.  |n Available via the World Wide Web.  |n Access limited by licensing agreements  |7 s2003 miunns 
500 |a Electronic resource. 
830 0 |a Eighteenth century collections online. 
856 4 0 |u http://proxy.library.tamu.edu/login?url=https://galenet.galegroup.com/servlet/ECCO?c=1&stp=Author&ste=11&af=BN&ae=T127682&tiPG=1&dd=0&dc=flc&docNum=CW114235321&vrsn=1.0&srchtp=a&d4=0.33&n=10&SU=0LRK&locID=txshracd2898  |z Full text online  |t 0 
999 |a MARS 
999 f f |s 9eb9fbbe-7cd0-3435-8bde-1e7efc6f8703  |i f9f41710-c8eb-3c59-8fc5-f91e65477da3  |t 0 
952 f f |a Texas A&M University  |b College Station  |c Electronic Resources  |s www_evans  |d Available Online  |t 0  |h No information provided 
998 f f |t 0  |l Available Online